000 00306nam a22001337a 4500
008 181009b xxu||||| |||| 00| 0 eng d
020 _a9780321127624
041 _aeng
080 _23rd
_a510
100 _a38
101 _aMAT
245 _aBeginning & Intermediate Algebra
_cLial,M.L
942 _2udc
_cBK
999 _c49207
_d49207